000 00497nam a2200157 4500
001 120183
003 ES-MaACL
005 20230906191501.0
007 t|
008 070214s1947 sp r ||||1| spa d
100 1 _aPiquer Marqués, Antonio.
_992325
245 1 0 _aClave de los temas y lecturas del Curso Práctico de Francés /
_cAntonio Piquer Marqués.
260 _aPalma de Mallorca :
_b[s. n.],
_c1947 (
_fImp. Mossén Alcover)
300 _a1 v. ;
_c22 cm.
852 _aES-MaACL
_j1776-F-14
999 _c120183
_d120183